Szegedi siker Franciaországban
Elmentve itt :
| Dokumentumtípus: | Cikk |
|---|---|
| Megjelent: |
1969-02-25
|
| Sorozat: | Délmagyarország
59 No. 46 |
| Kulcsszavak: | Kopasz Márta, Borászat magyar 1969 |
| Online Access: | http://dmarchiv.bibl.u-szeged.hu/62383 |
| LEADER | 00422nab a2200145 i 4500 | ||
|---|---|---|---|
| 001 | delm62383 | ||
| 005 | 20180927151256.0 | ||
| 008 | 180927s1969 hu o 0|| hun d | ||
| 040 | |a SZTE Délmagyarország Archívum |b hun | ||
| 041 | |a hun | ||
| 245 | 0 | 0 | |a Szegedi siker Franciaországban |h [elektronikus dokumentum] |
| 260 | |c 1969-02-25 | ||
| 300 | |a 5 | ||
| 490 | 0 | |a Délmagyarország |v 59 No. 46 | |
| 695 | |a Kopasz Márta, Borászat magyar 1969 | ||